Triết học Mác-Lênin : Dùng trong các trường Đại học và Cao đẳng

Nội dung giới thiệu đại cương về lịch sử triết học, chủ nghĩa duy vật biện chứng về thế giới, về xã hội.

Saved in:
Bibliographic Details
Main Author: Vũ, Ngọc Pha
Format: Book
Language:Undetermined
Published: Hà Nội Chính trị Quốc gia 1994
Subjects:
Tags: Add Tag
No Tags, Be the first to tag this record!
Institutions: Trung tâm Học liệu Trường Đại học Cần Thơ
LEADER 00925nam a2200205Ia 4500
001 CTU_1526
008 210402s9999 xx 000 0 und d
082 |a 335.411 
082 |b Ph100 
100 |a Vũ, Ngọc Pha 
245 0 |a Triết học Mác-Lênin : 
245 0 |b Dùng trong các trường Đại học và Cao đẳng 
245 0 |c Vũ Ngọc Pha, Trương Giang Long ( đồng chủ biên ) ... [ et al. ] 
260 |a Hà Nội 
260 |b Chính trị Quốc gia 
260 |c 1994 
520 |a Nội dung giới thiệu đại cương về lịch sử triết học, chủ nghĩa duy vật biện chứng về thế giới, về xã hội. 
650 |a Communism,Philosophy, marxist 
904 |i Mai chuyển từ số 146.32 thành 335.411 chưa in nhãn,Qhieu đã sửa 
980 |a Trung tâm Học liệu Trường Đại học Cần Thơ